000 00620nam a2200217Ia 4500
005 20260429112258.0
008 260429s9999||||xx |||||||||||||| ||und||
020 _a9789391734985
041 _aEnglish
082 _a664.001
_bDEV
100 _aDevi, Haobijam Sanjita
245 0 _aInsights on Current Food Science /
_cHaobijam Sanjita Devi
260 _aNew Delhi :
_bToday & Tomorrow's Printers and Publishers,
_c2023.
300 _a206 p.; hb
650 _a Food technology
650 _a Nutrition
650 _aFood science
700 _a Rajiv, Chongtham
700 _a Roy, Subhra Saikat
942 _cTB
999 _c53279
_d53279